00535nam a22001577a 450000500170000001000170001702000260003403500170006003700150007708200100009210000230010224501240012526000330024927000560028230000390033820101023151832.0 aB-418401-418 a9788188951215c295.00 aB-418401-418 bPansy Book a158.1 aCarswell, Richard  aFrom success to significance:cby Richard Carswell bessential strategies for mastering the art of business influence / aNew Delhi bgbd Books c2008 aI-2/16, Ansari Road, DaryaganjbNew Delhi e110002 axv344, xvip. c24cm(pbk) eCD-ROM